Представление документа в формате MARC21

Поле Инд. ПП Название Значение
Тип записи a
Библиографический уровень b
001 Контрольный номер RU/IS/BASE/196440642
005 Дата корректировки 20201130112956.6
008 Кодируемые данные 20060323
084 a Индекс другой классификации/Индекс ББК 88.94
100 1_ a Автор Власова Л. С.
q Полное имя Власова Людмила Сергеевна
245 10 a Заглавие Психотерапевтическая помощь участникам локальных войн
650 04 a Основная рубрика практическая психология (прикладная психология)
a Основная рубрика психология
a Основная рубрика психотерапия
653 0_ a Ключевые слова локальные войны
a Ключевые слова медицинская психология
a Ключевые слова посттравматические стрессовые расстройства
a Ключевые слова психическое здоровье
a Ключевые слова психосоциальная коррекция
a Ключевые слова раздвоение личности
a Ключевые слова участники военных конфликтов
a Ключевые слова фобии
773 18 t Заглавие источника Вестник психосоциальной и коррекционно-реабилитационной работы
d Дата издания источника 2002
g Прочая информация № 2. - С. 67 - 74
w Контрольный № источника RU/IS/BASE/111247412
901 t Тип документа b